[Event "GER-ch U25 op-A"]
[Site "Oberhof"]
[Date "2013.05.23"]
[Round "7"]
[White "Goettel, Tobias"]
[Black "Celmer, Ole"]
[Result "0-1"]
[WhiteElo "1939"]
[BlackElo "1882"]
[PlyCount "106"]
[EventDate "2013.05.19"]
[EventType "swiss"]
[EventRounds "9"]
[EventCountry "GER"]
[SourceTitle "CBM 154 Extra"]
[Source "ChessBase"]
[SourceDate "2013.06.25"]
[SourceVersion "2"]
[SourceVersionDate "2013.06.25"]
[SourceQuality "1"]

1. e4 e5 2. Nf3 Nc6 3. Bb5 a6 4. Bxc6 dxc6 5. 0-0 Qf6 6. d4 exd4 7. Bg5 Qd6 8. Nxd4 Bd7 9. Nc3 Be7 10. Bxe7 Nxe7 11. Nb3 Qxd1 12. Raxd1 b6 13. Rd2 0-0-0 14. Rfd1 c5 15. a4 f5 16. a5 fxe4 17. axb6 cxb6 18. Nxe4 Bc6 19. Nd6+ Kc7 20. Nf7 Rxd2 21. Rxd2 Re8 22. h3 Nd5 23. Kh2 Re7 24. Ng5 h6 25. Nf3 Nf4 26. Nh4 Re1 27. f3 Re5 28. g3 Nd5 29. f4 Re1 30. Nf3 Rb1 31. Ne5 Rxb2 32. c4 Rxd2+ 33. Nxd2 Ne3 34. g4 b5 35. Kg3 Nxc4 36. Ndxc4 bxc4 37. Nxc4 Bb5 38. Na3 Bd3 39. Kf3 Kc6 40. Ke3 c4 41. Kd4 Kd6 42. h4 h5 43. gxh5 Ke6 44. h6 gxh6 45. Nxc4 Bxc4 46. Kxc4 Kf5 47. Kc5 Kxf4 48. Kb6 Kg4 49. Kxa6 Kxh4 50. Kb5 Kg3 51. Kc4 h5 52. Kd3 h4 53. Ke2 Kg2 0-1

[Event "RLP-ch MTB 26th"]
[Site "Ludwigshafen"]
[Date "2007.07.15"]
[Round "5"]
[White "Boehles, Marcel"]
[Black "Goettel, Tobias"]
[Result "1-0"]
[WhiteElo "1599"]
[BlackElo "1309"]
[PlyCount "81"]
[EventDate "2007.07.13"]
[EventType "swiss"]
[EventRounds "7"]
[EventCountry "GER"]
[SourceTitle "EXT 2009"]
[Source "ChessBase"]
[SourceDate "2008.11.26"]
[SourceVersion "1"]
[SourceVersionDate "2008.11.26"]
[SourceQuality "1"]

1. e4 c5 2. Nc3 Nc6 3. g3 d6 4. Bg2 e6 5. d3 Nf6 6. Be3 Be7 7. f4 Qb6 8. Rb1 Qa5 9. Qd2 b5 10. e5 Nd5 11. Nxd5 Qxd2+ 12. Bxd2 exd5 13. Bxd5 Bb7 14. exd6 Bxd6 15. Nf3 Nd4 16. Bxb7 Nxf3+ 17. Bxf3 0-0-0 18. 0-0 c4 19. d4 Bc5 20. Bg4+ Kb7 21. c3 Bb6 22. Rfe1 Rhe8 23. Rxe8 Rxe8 24. Re1 Rxe1+ 25. Bxe1 Kc6 26. Kf2 g6 27. Bf3+ Kd6 28. g4 b4 29. Ke3 bxc3 30. Bxc3 f5 31. g5 a5 32. h4 Ke6 33. h5 Kd6 34. hxg6 hxg6 35. Bb7 Bc7 36. d5 Bb6+ 37. Bd4 Bc5 38. Bxc5+ Kxc5 39. d6 Kxd6 40. Kd4 Kc7 41. Bd5 1-0

[Event "RLP-ch MTB 26th"]
[Site "Ludwigshafen"]
[Date "2007.07.13"]
[Round "1"]
[White "Freising, Manuel"]
[Black "Goettel, Tobias"]
[Result "1/2-1/2"]
[WhiteElo "1923"]
[BlackElo "1309"]
[PlyCount "49"]
[EventDate "2007.07.13"]
[EventType "swiss"]
[EventRounds "7"]
[EventCountry "GER"]
[SourceTitle "EXT 2009"]
[Source "ChessBase"]
[SourceDate "2008.11.26"]
[SourceVersion "1"]
[SourceVersionDate "2008.11.26"]
[SourceQuality "1"]

1. d4 Nf6 2. c4 g6 3. Nc3 d5 4. cxd5 Nxd5 5. e4 Nxc3 6. bxc3 Bg7 7. Nf3 c5 8. Bb5+ Bd7 9. Bxd7+ Nxd7 10. 0-0 cxd4 11. cxd4 0-0 12. Bf4 Nb6 13. Qe2 Qd7 14. Rac1 Rac8 15. h3 Rxc1 16. Rxc1 Rc8 17. Rxc8+ Qxc8 18. Qb5 Qd7 19. Qa5 Nc8 20. d5 Bf8 21. Ne5 Qd8 22. Qb4 f6 23. Nd3 e5 24. Qxb7 exf4 25. Nxf4 1/2-1/2

[Event "Pfalz-ch 75th"]
[Site "Kaiserslautern"]
[Date "2006.04.09"]
[Round "3"]
[White "Goettel, Tobias"]
[Black "Geisert, Bernd"]
[Result "0-1"]
[WhiteElo "961"]
[BlackElo "1478"]
[PlyCount "58"]
[EventDate "2006.04.07"]
[EventType "swiss"]
[EventRounds "7"]
[EventCountry "GER"]
[SourceTitle "EXT 2007"]
[Source "ChessBase"]
[SourceDate "2006.11.23"]
[SourceVersion "1"]
[SourceVersionDate "2006.11.23"]
[SourceQuality "1"]

1. e4 e6 2. Nf3 b6 3. Nc3 Bb7 4. b3 d5 5. Bd3 Nf6 6. exd5 exd5 7. 0-0 Be7 8. Bb2 0-0 9. Re1 Nbd7 10. h3 Re8 11. Ne2 Bd6 12. c4 dxc4 13. bxc4 Bxf3 14. gxf3 Be5 15. Bxe5 Nxe5 16. Bxh7+ Nxh7 17. Qb3 Qf6 18. f4 Ng6 19. Qb5 Rxe2 20. Rxe2 Qxa1+ 21. Kg2 Nxf4+ 22. Kf3 Nxe2 23. Kxe2 Nf6 24. Qc6 Qe5+ 25. Kf3 Re8 26. d3 Qf5+ 27. Kg3 Qxd3+ 28. Qf3 Qxf3+ 29. Kxf3 c6 0-1

[Event "Pfalz-ch 75th"]
[Site "Kaiserslautern"]
[Date "2006.04.07"]
[Round "1"]
[White "Scheib, Karl"]
[Black "Goettel, Tobias"]
[Result "1-0"]
[WhiteElo "1681"]
[BlackElo "961"]
[PlyCount "77"]
[EventDate "2006.04.07"]
[EventType "swiss"]
[EventRounds "7"]
[EventCountry "GER"]
[SourceTitle "EXT 2007"]
[Source "ChessBase"]
[SourceDate "2006.11.23"]
[SourceVersion "1"]
[SourceVersionDate "2006.11.23"]
[SourceQuality "1"]

1. d4 d5 2. c4 dxc4 3. Nf3 Nf6 4. e3 Bg4 5. Bxc4 e6 6. Qb3 Bxf3 7. gxf3 Nbd7 8. Nc3 Nb6 9. Be2 a6 10. a4 Rb8 11. a5 Nbd5 12. e4 Nxc3 13. bxc3 Be7 14. Rg1 g6 15. Qa4+ Nd7 16. Bh6 c5 17. Bg7 Rg8 18. Be5 Rc8 19. Rb1 cxd4 20. cxd4 Kf8 21. Bf4 g5 22. Be3 Qc7 23. Rc1 Qd8 24. Kd2 Nc5 25. Qa2 e5 26. d5 h6 27. Rgd1 Kg7 28. Ke1 Qd6 29. Qb2 Nd7 30. Qxb7 Rxc1 31. Rxc1 Rb8 32. Qc6 Qa3 33. Qxd7 Bb4+ 34. Kf1 Qxa5 35. Rc7 Rf8 36. Rc6 Rd8 37. Qf5 Qa1+ 38. Kg2 a5 39. Qf6+ 1-0